[Event "I Weekend Croce di Magara"]
[Site "Camigliatello - Spezzano della Sila ITA"]
[Date "2005.09.17"]
[Round "6"]
[White "Paragliola, Gennaro"]
[Black "Scalise, Sandro"]
[Result "1-0"]
[WhiteElo "1562"]
[BlackElo "1595"]
[PlyCount "89"]
[EventDate "2005.09.10"]

1. d4 Nf6 2. c4 e6 3. Nc3 Bb4 4. Bg5 O-O 5. e3 c6 6. Qc2 d5 7. Nf3 Nbd7 8. Bd3
Qa5 9. Bxf6 Bxc3+ 10. Qxc3 Qxc3+ 11. bxc3 Nxf6 12. cxd5 cxd5 13. O-O a6 14.
Rfc1 b5 15. a4 Bd7 16. Ne5 bxa4 17. Nxd7 Nxd7 18. Rxa4 a5 19. c4 Nb6 20. Ra2
dxc4 21. Bxc4 Rfc8 22. Rac2 a4 23. Ba2 Rxc2 24. Rxc2 Kf8 25. Kf1 Rc8 26. Rxc8+
Nxc8 27. Ke2 Ke7 28. Kd3 Kd6 29. Kc4 Kc6 30. Bb1 Nb6+ 31. Kb4 f5 32. Bc2 g5 33.
Bxa4+ Nxa4 34. Kxa4 Kd5 35. Kb4 h5 36. h3 e5 37. dxe5 Kxe5 38. f3 g4 39. Kc3
gxf3 40. gxf3 f4 41. e4 h4 42. Kd3 Ke6 43. Kd4 Kf6 44. Kd5 Ke7 45. Ke5 1-0

[Event "I Weekend Croce di Magara"]
[Site "Camigliatello - Spezzano della Sila ITA"]
[Date "2005.09.17"]
[Round "6"]
[White "Parrotta, Daniele"]
[Black "Cordi', Domenico"]
[Result "0-1"]
[WhiteElo "2159"]
[BlackElo "2086"]
[PlyCount "78"]
[EventDate "2005.09.10"]

1. d4 Nf6 2. Bg5 e6 3. e4 h6 4. Bxf6 Qxf6 5. Nf3 c5 6. e5 Qd8 7. d5 exd5 8.
Qxd5 Be7 9. Nc3 Nc6 10. Bc4 O-O 11. O-O d6 12. Qe4 dxe5 13. Rad1 Qe8 14. Nb5
Bd8 15. Rfe1 Be6 16. Nd6 Qe7 17. Nxe5 Bxc4 18. Nexc4 Qxe4 19. Rxe4 b6 20. c3 a6
21. Rde1 b5 22. Ne3 Ra7 23. a4 b4 24. cxb4 Nxb4 25. Nec4 Bf6 26. Rd1 g6 27. b3
Bd4 28. g4 Rd7 29. Kg2 Rfd8 30. Re8+ Kg7 31. Rxd8 Rxd8 32. Kf3 Nc6 33. Re1 Rb8
34. Rb1 Ne5+ 35. Nxe5 Bxe5 36. Ne4 c4 37. b4 c3 38. b5 axb5 39. axb5 Rb6 0-1

[Event "I Weekend Croce di Magara"]
[Site "Camigliatello - Spezzano della Sila ITA"]
[Date "2005.09.17"]
[Round "6"]
[White "Rametta, Marcello"]
[Black "Trifoglio, Giovanni"]
[Result "1-0"]
[WhiteElo "1762"]
[BlackElo "1862"]
[PlyCount "115"]
[EventDate "2005.09.10"]

1. e4 c5 2. c3 d5 3. Bd3 Nc6 4. Bc2 Nf6 5. Qe2 e5 6. Nf3 Bg4 7. h3 Bh5 8. O-O
Be7 9. d3 d4 10. Nbd2 O-O 11. g4 Nxg4 12. hxg4 Bxg4 13. Qe1 f5 14. Nh2 Bh3 15.
Ndf3 f4 16. Kh1 Bxf1 17. Qxf1 Qd7 18. Bd2 Rf6 19. Nh4 Rh6 20. Nf5 Rg6 21. Qh3
Qd8 22. Ng4 Bf6 23. Bb3+ Kh8 24. Rg1 Qd7 25. Rg2 Bg5 26. Rh2 h6 27. Qh5 Kh7 28.
Bd5 a5 29. Bxc6 bxc6 30. Nxe5 Qe6 31. Nxg6 Qxg6 32. Qxg6+ Kxg6 33. Nh4+ Kf6 34.
Nf3 Rb8 35. cxd4 Rxb2 36. dxc5 Rxa2 37. Bc3+ Kf7 38. Ne5+ Kf8 39. Nxc6 Rc2 40.
Bxa5 f3 41. Rh5 Rc1+ 42. Kh2 Bf4+ 43. Kh3 g6 44. Kg4 gxh5+ 45. Kxf4 Kg7 46. d4
h4 47. Kxf3 Rg1 48. Bc7 h3 49. Ne7 Rg5 50. Nf5+ Kg6 51. Bf4 Rh5 52. Bh2 Rg5 53.
c6 Rg2 54. Nh4+ Kf6 55. Nxg2 hxg2 56. Kxg2 Ke6 57. c7 Kd7 58. d5 1-0

[Event "I Weekend Croce di Magara"]
[Site "Camigliatello - Spezzano della Sila ITA"]
[Date "2005.09.17"]
[Round "6"]
[White "Romeo, Myriam"]
[Black "Gad, Alessandro"]
[Result "1-0"]
[WhiteElo "1476"]
[BlackElo "1437"]
[PlyCount "31"]
[EventDate "2005.09.10"]

1. e4 d5 2. exd5 Qxd5 3. Nc3 Qa5 4. Nf3 Nf6 5. d3 e6 6. Be2 Bb4 7. Bd2 O-O 8.
a3 Bxc3 9. Bxc3 Qb6 10. Qd2 Nc6 11. Qg5 Kh8 12. h4 h6 13. Qg3 Rg8 14. Qf4 Bd7
15. Bxf6 gxf6 16. Qxh6# 1-0

[Event "I Weekend Croce di Magara"]
[Site "Camigliatello - Spezzano della Sila ITA"]
[Date "2005.09.17"]
[Round "6"]
[White "Rosolia, Giuseppe"]
[Black "Armentano, Alessio"]
[Result "0-1"]
[WhiteElo "1829"]
[BlackElo "2092"]
[PlyCount "79"]
[EventDate "2005.09.10"]

1. d4 f5 2. Bg5 c6 3. Nc3 Qb6 4. Na4 Qa5+ 5. c3 d6 6. b4 Qc7 7. e3 Nd7 8. Nf3
Ngf6 9. Bd3 g6 10. Bf4 Nd5 11. Ng5 N7f6 12. Qb3 h6 13. Nf3 Be6 14. Qc2 Nxf4 15.
exf4 Bg7 16. Nb2 Nd5 17. Qd2 a5 18. O-O axb4 19. c4 Nc3 20. Nd1 Ra3 21. Nh4 Bf7
22. g4 e6 23. Re1 O-O 24. Nxc3 bxc3 25. Qe3 Qe7 26. Qg3 Qf6 27. gxf5 exf5 28.
Bc2 Kh7 29. Bb3 Rfa8 30. Re3 Rxb3 31. Rae1 Rb2 32. Rxc3 Raxa2 33. Rce3 Rxf2 34.
Re7 Qxd4 35. Qe3 Qxe3 36. R1xe3 Rfb2 37. Nf3 Bxc4 38. h4 Re2 39. h5 Ra1+ 40.
Ne1 0-1

[Event "I Weekend Croce di Magara"]
[Site "Camigliatello - Spezzano della Sila ITA"]
[Date "2005.09.17"]
[Round "6"]
[White "Sorrenti, Francesco"]
[Black "Ljubisavljevic, Zivojin Z."]
[Result "0-1"]
[WhiteElo "1962"]
[BlackElo "2261"]
[PlyCount "46"]
[EventDate "2005.09.10"]

1. e4 c6 2. d4 d5 3. exd5 cxd5 4. c4 Nf6 5. Nc3 Nc6 6. Nf3 e6 7. Be2 Be7 8. O-O
dxc4 9. Bxc4 O-O 10. Re1 a6 11. d5 Na5 12. Bf1 Nxd5 13. Nxd5 exd5 14. Re5 Be6
15. Nd4 Bd6 16. Rh5 g6 17. Bd3 Qf6 18. Nf5 Bxf5 19. Bxf5 Rfe8 20. Bd2 Nc4 21.
Bc3 Be5 22. Bd3 Bxc3 23. bxc3 Nb2 0-1

[Event "I Weekend Croce di Magara"]
[Site "Camigliatello - Spezzano della Sila ITA"]
[Date "2005.09.18"]
[Round "7"]
[White "Alo', Lucio"]
[Black "Romeo, Myriam"]
[Result "1-0"]
[WhiteElo "1589"]
[BlackElo "1476"]
[PlyCount "131"]
[EventDate "2005.09.10"]

1. Nf3 d6 2. d4 Nc6 3. e3 Nf6 4. Bb5 Bd7 5. O-O a6 6. Be2 e5 7. c3 exd4 8. cxd4
Qe7 9. Bd2 Qe6 10. Nc3 Qf5 11. Nh4 Qg5 12. Nf3 Qg6 13. Nh4 Qg5 14. g3 Bh3 15.
e4 Qa5 16. Nd5 Qxd5 17. exd5 Nxd5 18. Bf3 Bxf1 19. Bxd5 Bb5 20. Qe2+ Bxe2 21.
Bxc6+ bxc6 22. Re1 g5 23. Rxe2+ Kd7 24. Bxg5 Rg8 25. Bf4 Be7 26. Nf3 Rab8 27.
b3 Rb5 28. Nd2 Ra5 29. Nc4 Rd5 30. Rd2 c5 31. Be3 Bf6 32. dxc5 Rxd2 33. Nxd2
dxc5 34. Bxc5 Rg5 35. Ne4 Rg6 36. f4 Kc6 37. b4 Bb2 38. Ng5 h6 39. Nxf7 Kb5 40.
Bf8 Rf6 41. Bg7 Rxf7 42. Bxb2 Kxb4 43. Kf2 Rd7 44. Kf3 Rd1 45. Ke2 Rh1 46. Kf3
Rxh2 47. Be5 Rxa2 48. f5 Rc2 49. f6 Rc6 50. f7 Re6 51. f8=Q+ Kb5 52. Qb8+ Ka4
53. Qxc7 a5 54. Qc4+ Ka3 55. Qxe6 a4 56. Qd6+ Ka2 57. Qd2+ Kb3 58. Qb2+ Kc4 59.
Qa2+ Kd3 60. Qxa4 Kd2 61. Bf4+ Ke1 62. Ke3 Kf1 63. Kf3 Kg1 64. Qa1+ Kh2 65. g4+
Kh3 66. Qh1# 1-0

[Event "I Weekend Croce di Magara"]
[Site "Camigliatello - Spezzano della Sila ITA"]
[Date "2005.09.18"]
[Round "7"]
[White "Armentano, Alessio"]
[Black "Ljubisavljevic, Zivojin Z."]
[Result "0-1"]
[WhiteElo "2092"]
[BlackElo "2261"]
[PlyCount "86"]
[EventDate "2005.09.10"]

1. e4 Nf6 2. Nc3 d5 3. exd5 Nxd5 4. Bc4 e6 5. Nf3 Nb6 6. Be2 c5 7. d4 Be7 8.
dxc5 Qxd1+ 9. Bxd1 Bxc5 10. Ne4 Be7 11. O-O Nc6 12. c3 e5 13. Bb3 f6 14. Be3
Bf5 15. Nc5 Bxc5 16. Bxc5 Nd7 17. Be3 Ke7 18. Nh4 Be6 19. Bxe6 Kxe6 20. Rad1
Rhd8 21. Nf3 b6 22. Rd2 Nc5 23. Bxc5 bxc5 24. Rfd1 Rxd2 25. Rxd2 e4 26. Ne1 f5
27. Kf1 Ne5 28. b3 g5 29. c4 a5 30. Ke2 a4 31. f3 axb3 32. axb3 Ra3 33. Rb2 Nc6
34. Nc2 Nd4+ 35. Nxd4+ cxd4 36. b4 Re3+ 37. Kf2 Rc3 38. b5 Kd7 39. Ke2 e3 40.
c5 f4 41. c6+ Kc8 42. b6 d3+ 43. Kd1 Rxc6 0-1

[Event "I Weekend Croce di Magara"]
[Site "Camigliatello - Spezzano della Sila ITA"]
[Date "2005.09.18"]
[Round "7"]
[White "Cordi', Domenico"]
[Black "Grande, Pasquale"]
[Result "1-0"]
[WhiteElo "2086"]
[BlackElo "2085"]
[PlyCount "75"]
[EventDate "2005.09.10"]

1. e4 e5 2. Nf3 Nc6 3. Bb5 f5 4. d3 fxe4 5. dxe4 Nf6 6. O-O Bc5 7. Bg5 d6 8.
Nc3 Be6 9. Nd5 h6 10. Bxf6 gxf6 11. b4 Bb6 12. Nh4 Kd7 13. Qd3 Kc8 14. Rad1 Nd4
15. Bc4 Bg4 16. Nxb6+ axb6 17. f3 Bd7 18. c3 Ne6 19. g3 Rg8 20. Kh1 Rg5 21. Nf5
h5 22. Rf2 Rg6 23. Rfd2 Ra3 24. Bb3 Nf8 25. c4 Ne6 26. Qe2 Rg5 27. c5 bxc5 28.
Bxe6 Bxe6 29. bxc5 Bxf5 30. cxd6 Bd7 31. dxc7 Qxc7 32. Rxd7 Qxd7 33. Rxd7 Kxd7
34. Qb5+ Kd8 35. Qd5+ Ke8 36. Qe6+ Kd8 37. Qxf6+ Kc8 38. Qxg5 1-0

[Event "I Weekend Croce di Magara"]
[Site "Camigliatello - Spezzano della Sila ITA"]
[Date "2005.09.18"]
[Round "7"]
[White "Gangemi, Salvatore"]
[Black "Sorrenti, Francesco"]
[Result "1-0"]
[WhiteElo "2104"]
[BlackElo "1962"]
[PlyCount "112"]
[EventDate "2005.09.10"]

1. c4 Nf6 2. g3 g6 3. Bg2 Bg7 4. Nc3 d6 5. e4 c5 6. Nge2 Nc6 7. O-O O-O 8. d3
Rb8 9. h3 a6 10. a4 Bd7 11. Be3 e5 12. f4 Nd4 13. fxe5 dxe5 14. Nd5 Nxd5 15.
cxd5 a5 16. Nxd4 cxd4 17. Bd2 b6 18. b4 f5 19. Qb3 Re8 20. b5 Rc8 21. Rac1 Qe7
22. exf5 Qd6 23. fxg6 hxg6 24. Kh2 Rxc1 25. Rxc1 Rc8 26. Rc4 Rxc4 27. Qxc4 Bf6
28. Be4 Kg7 29. h4 Bd8 30. Bg5 Bxg5 31. hxg5 Qb8 32. Bg2 Qh8+ 33. Kg1 Qd8 34.
Qc1 Qb8 35. Qf1 Qf8 36. Qxf8+ Kxf8 37. Be4 Be8 38. d6 Bf7 39. Kf2 Ke8 40. Bc6+
Kd8 41. Kf3 Bb3 42. Ke4 Bxa4 43. Kxe5 Bb3 44. Kxd4 Be6 45. Ke3 Bf7 46. Kd4 Be6
47. Ke5 Bb3 48. Be4 Bf7 49. Kf6 Bb3 50. Bxg6 Kd7 51. Bf7 Bxf7 52. Kxf7 a4 53.
g6 a3 54. g7 a2 55. g8=Q a1=Q 56. Qe8+ Kxd6 1-0

[Event "I Weekend Croce di Magara"]
[Site "Camigliatello - Spezzano della Sila ITA"]
[Date "2005.09.18"]
[Round "7"]
[White "Ielapi, Vito"]
[Black "De Marco, Francesco"]
[Result "1-0"]
[WhiteElo "1971"]
[BlackElo "1803"]
[PlyCount "101"]
[EventDate "2005.09.10"]

1. e4 c5 2. Nf3 Nc6 3. d4 cxd4 4. Nxd4 Nf6 5. Nc3 e5 6. Nb3 Bb4 7. Bd2 O-O 8.
Bd3 a6 9. O-O h6 10. Kh1 d6 11. Qf3 Bxc3 12. Bxc3 b5 13. a3 Qc7 14. Bd2 Kh7 15.
Qg3 Be6 16. Rac1 Bc4 17. Qh4 Ng8 18. f4 Rad8 19. Rf3 Nce7 20. f5 Rc8 21. f6 Ng6
22. Qh3 Nxf6 23. Bxc4 bxc4 24. Rxf6 gxf6 25. Qxh6+ Kg8 26. Na5 Qd7 27. Qh5 Qb5
28. Bb4 Rfd8 29. Qf5 Kg7 30. Rf1 Nf4 31. g3 c3 32. Re1 Qb6 33. gxf4 cxb2 34. c4
Rh8 35. Qg4+ Kh7 36. Rg1 Qxg1+ 37. Qxg1 Rhg8 38. Qb1 Rg4 39. Qxb2 Rcg8 40. Qc1
exf4 41. Bxd6 f3 42. Bg3 Rxe4 43. Nb3 f5 44. Nd2 Re3 45. Qd1 Rd8 46. Qg1 Red3
47. Nf1 Rg8 48. Qf2 Rg4 49. c5 Kg6 50. c6 Rd1 51. Kg1 1-0

[Event "I Weekend Croce di Magara"]
[Site "Camigliatello - Spezzano della Sila ITA"]
[Date "2005.09.18"]
[Round "7"]
[White "Marincolo, Piercarlo"]
[Black "Olivo, Paolo"]
[Result "1/2-1/2"]
[WhiteElo "1640"]
[BlackElo "1691"]
[PlyCount "121"]
[EventDate "2005.09.10"]

1. e4 c6 2. d4 d5 3. Nd2 dxe4 4. Nxe4 Bf5 5. Ng3 Bg6 6. h4 h6 7. Nf3 Nd7 8. Bd3
Bxd3 9. Qxd3 e6 10. Bf4 Ngf6 11. O-O-O Nd5 12. Be3 Qa5 13. Qb3 Bd6 14. Ne4 Bc7
15. g4 f5 16. gxf5 exf5 17. Bd2 Qb6 18. Ng3 Qxb3 19. cxb3 O-O 20. Rhg1 Kh7 21.
Rde1 Rf7 22. Re6 Nf8 23. Re2 Ng6 24. Nh5 Ngf4 25. Bxf4 Nxf4 26. Nxf4 Bxf4+ 27.
Kc2 Rd8 28. Kc3 a5 29. b4 axb4+ 30. Kxb4 Bd6+ 31. Kc3 Re7 32. Ne5 Bxe5 33. Rxe5
Rxe5 34. dxe5 Kg8 35. f4 c5 36. Rf1 b5 37. b3 Rd4 38. a3 Re4 39. Rf3 Kf7 40.
Kd3 Kg6 41. Rg3+ Kh5 42. Rxg7 Kxh4 43. Rb7 c4+ 44. bxc4 bxc4+ 45. Kc3 Kg4 46.
a4 Kxf4 47. a5 Rxe5 48. a6 Ra5 49. a7 Ra4 50. Rh7 Kf3 51. Rxh6 Rxa7 52. Kxc4
Re7 53. Kd3 Rd7+ 54. Kc2 f4 55. Rg6 Kf2 56. Rg5 f3 57. Rf5 Re7 58. Kd2 Re2+ 59.
Kd1 Ra2 60. Rf8 Ra4 61. Kd2 1/2-1/2

[Event "I Weekend Croce di Magara"]
[Site "Camigliatello - Spezzano della Sila ITA"]
[Date "2005.09.18"]
[Round "7"]
[White "Piccoli, Vincenzo"]
[Black "Guzzo, Giovanni"]
[Result "0-1"]
[WhiteElo "1655"]
[BlackElo "1801"]
[PlyCount "118"]
[EventDate "2005.09.10"]

1. d4 d6 2. e4 Nf6 3. Nc3 g6 4. f4 e5 5. dxe5 dxe5 6. Qxd8+ Kxd8 7. Be3 exf4 8.
O-O-O+ Bd7 9. Bxf4 c6 10. Nf3 Bb4 11. Bg5 Be7 12. Ne5 Ke8 13. Bc4 Be6 14. Bxe6
fxe6 15. Rhf1 Nbd7 16. Bxf6 Nxf6 17. g4 Rd8 18. Rxd8+ Bxd8 19. g5 Nd7 20. Nxd7
Bxg5+ 21. Kd1 Kxd7 22. Rf7+ Kc8 23. Ke2 e5 24. Kf3 Bc1 25. b3 g5 26. Ne2 Bf4
27. Nxf4 exf4 28. h3 a6 29. c3 Kb8 30. Rf5 Rg8 31. Rf7 h5 32. Kf2 Ka7 33. Ke2
a5 34. a4 Ka6 35. Rf5 b5 36. e5 bxa4 37. bxa4 Kb6 38. Kd3 Kc5 39. e6+ Kd6 40.
Ke4 Kxe6 41. Rxa5 Kd6 42. Kd4 g4 43. Re5 g3 44. Re1 g2 45. Rg1 f3 46. Ke3 Rf8
47. Kf2 h4 48. Ra1 Kc7 49. a5 Kb7 50. a6+ Ka7 51. c4 c5 52. Kg1 Rf6 53. Kf2
Rxa6 54. Rb1 Rf6 55. Kg1 Rf4 56. Kf2 Ka6 57. Rb5 Rf5 58. Kg1 f2+ 59. Kxg2 f1=Q+
0-1

[Event "I Weekend Croce di Magara"]
[Site "Camigliatello - Spezzano della Sila ITA"]
[Date "2005.09.18"]
[Round "7"]
[White "Rizzuti, Pasquale"]
[Black "Paletta, Giuseppe"]
[Result "1-0"]
[WhiteElo "1874"]
[BlackElo "1715"]
[PlyCount "81"]
[EventDate "2005.09.10"]

1. b3 d6 2. Bb2 Nf6 3. d4 c6 4. c4 b5 5. Nf3 Bg4 6. Qd3 b4 7. e4 Bxf3 8. Qxf3
e6 9. Nd2 d5 10. e5 Nfd7 11. c5 a5 12. Bd3 Be7 13. Qe2 Qc8 14. O-O Nf8 15. f4
g6 16. Nf3 h6 17. Bc1 Ra7 18. Be3 Na6 19. Bf2 Nc7 20. Bh4 a4 21. Bxe7 Kxe7 22.
Nd2 Nh7 23. Rf2 h5 24. Raf1 axb3 25. Nxb3 Ra3 26. g4 Nf8 27. f5 gxf5 28. gxf5
Qe8 29. Qd2 Rg8+ 30. Kh1 Ra8 31. Qxb4 Rb8 32. Qd2 Nb5 33. Qh6 Nc3 34. Qxh5 Ne4
35. Bxe4 dxe4 36. Qh4+ Kd7 37. Qxe4 Kc7 38. fxe6 fxe6 39. Rf7+ Nd7 40. Na5 Rb1
41. Qxb1 1-0

[Event "I Weekend Croce di Magara"]
[Site "Camigliatello - Spezzano della Sila ITA"]
[Date "2005.09.18"]
[Round "7"]
[White "Salvo, Vincenzo"]
[Black "Rametta, Marcello"]
[Result "1/2-1/2"]
[WhiteElo "1682"]
[BlackElo "1762"]
[PlyCount "72"]
[EventDate "2005.09.10"]

1. e4 c5 2. Nf3 Nc6 3. d4 e6 4. Nc3 h6 5. Bb5 a6 6. Bxc6 bxc6 7. d5 cxd5 8.
exd5 Bb7 9. dxe6 dxe6 10. Bf4 Nf6 11. Qe2 Be7 12. O-O O-O 13. Rfd1 Qb6 14. Be5
Ng4 15. b3 Bxf3 16. gxf3 Nxe5 17. Qxe5 Bf6 18. Qe1 Qb4 19. Rd3 Rad8 20. Rad1
Rd4 21. Rxd4 cxd4 22. Ne4 Qb6 23. Nxf6+ gxf6 24. Qd2 Kh7 25. Qxd4 Rg8+ 26. Kh1
Qc7 27. Qd3+ f5 28. Rg1 Qf4 29. Rxg8 Kxg8 30. Qe3 Qh4 31. c4 Qf6 32. Qc1 Qd4
33. Kg2 Qg7+ 34. Kf1 Qe5 35. f4 Qe4 36. Kg1 h5 1/2-1/2

[Event "I Weekend Croce di Magara"]
[Site "Camigliatello - Spezzano della Sila ITA"]
[Date "2005.09.18"]
[Round "7"]
[White "Scalise, Sandro"]
[Black "Gad, Ahmad"]
[Result "0-1"]
[WhiteElo "1595"]
[BlackElo "1682"]
[PlyCount "54"]
[EventDate "2005.09.10"]

1. d4 d5 2. Nf3 Nf6 3. Bf4 e6 4. e3 Be7 5. c3 Nbd7 6. Nbd2 O-O 7. h3 c5 8. a4
a5 9. Be2 Re8 10. O-O Nf8 11. Ne5 Ng6 12. Bh2 Nxe5 13. dxe5 Nd7 14. Nf3 c4 15.
Nd4 Nc5 16. f4 Bd7 17. f5 exf5 18. Nxf5 Bxf5 19. Rxf5 Qc8 20. Qf1 Rf8 21. Bg4
Qc6 22. Rd1 Nxa4 23. Bf3 Rad8 24. Rd2 g6 25. Rf4 Bg5 26. Rxc4 Bxe3+ 27. Kh1
Qxc4 0-1

[Event "I Weekend Croce di Magara"]
[Site "Camigliatello - Spezzano della Sila ITA"]
[Date "2005.09.18"]
[Round "7"]
[White "Tassone, Francesco"]
[Black "Ielapi, Gianbattista"]
[Result "0-1"]
[WhiteElo "1511"]
[BlackElo "1599"]
[PlyCount "98"]
[EventDate "2005.09.10"]

1. d4 Nf6 2. Nc3 g6 3. e4 d6 4. Nf3 Bg7 5. Bg5 O-O 6. Be2 e5 7. dxe5 dxe5 8.
Qc1 Nc6 9. Bh6 Re8 10. O-O Bg4 11. Bxg7 Kxg7 12. Rd1 Qe7 13. b3 Rad8 14. Qb2
Nd4 15. h3 Nxe2+ 16. Nxe2 Bxf3 17. gxf3 Nh5 18. Qc1 Rxd1+ 19. Qxd1 Qg5+ 20. Kh2
Rd8 21. Qe1 Qd2 22. Qxd2 Rxd2 23. Nc3 Rxf2+ 24. Kg1 Rxc2 25. Nd5 c6 26. Ne3 Re2
27. Nc4 Kf6 28. b4 Rc2 29. Nd6 b6 30. Nc8 c5 31. bxc5 bxc5 32. Nxa7 c4 33. a4
c3 34. Nb5 Nf4 35. h4 Ne2+ 36. Kf1 Rb2 37. Na3 c2 38. Nxc2 Rxc2 39. a5 Nd4 40.
Ra3 Rc7 41. Kf2 h5 42. a6 Ra7 43. Kg3 Nb5 44. Ra2 Nc7 45. f4 exf4+ 46. Kxf4
Rxa6 47. e5+ Kg7 48. Rc2 Ne6+ 49. Kg3 Ra4 0-1

[Event "I Weekend Croce di Magara"]
[Site "Camigliatello - Spezzano della Sila ITA"]
[Date "2005.09.18"]
[Round "7"]
[White "Trifoglio, Giovanni"]
[Black "Rosolia, Giuseppe"]
[Result "1-0"]
[WhiteElo "1862"]
[BlackElo "1829"]
[PlyCount "81"]
[EventDate "2005.09.10"]

1. e4 e5 2. Nf3 d6 3. d4 Nd7 4. Nc3 Be7 5. Bc4 Ngf6 6. Be3 O-O 7. h3 c6 8. a4
Qc7 9. O-O Nxe4 10. Nxe4 d5 11. Bxd5 cxd5 12. Ng3 e4 13. Nd2 Nb6 14. a5 Nc4 15.
Nxc4 Qxc4 16. b3 Qc7 17. Ne2 Be6 18. Bf4 Bd6 19. Qd2 Rac8 20. Bxd6 Qxd6 21. c3
Rc6 22. Rfc1 Rfc8 23. Rc2 Bf5 24. Qe3 Qc7 25. Rcc1 Qd7 26. Nf4 Rh6 27. c4 Be6
28. c5 f5 29. a6 Rc6 30. axb7 Qxb7 31. b4 a6 32. Qd2 Bc8 33. Ra3 Be6 34. Rca1
Qe7 35. Rxa6 Bd7 36. Nxd5 Qe6 37. Nf4 Qe7 38. Ra8+ Bc8 39. b5 Rcf6 40. Nd5 Qb7
41. Rxc8+ 1-0

[Event "I Weekend Croce di Magara"]
[Site "Camigliatello - Spezzano della Sila ITA"]
[Date "2005.09.18"]
[Round "8"]
[White "Alo', Lucio"]
[Black "Tassone, Francesco"]
[Result "1-0"]
[WhiteElo "1589"]
[BlackElo "1511"]
[PlyCount "69"]
[EventDate "2005.09.10"]

1. Nf3 c6 2. d4 d5 3. Bd2 Nf6 4. e3 Bg4 5. Be2 Nbd7 6. Nc3 e6 7. O-O Bd6 8. h3
Bh5 9. Nh2 Bxh2+ 10. Kxh2 Qc7+ 11. f4 Bxe2 12. Qxe2 O-O 13. Rf2 Ne4 14. Nxe4
dxe4 15. Kg1 Nf6 16. Bc3 Nd5 17. Bd2 Rad8 18. c4 Nf6 19. Raf1 c5 20. Bc3 b6 21.
b3 Qe7 22. f5 exf5 23. Rxf5 Rd6 24. d5 Nxd5 25. cxd5 f6 26. b4 Qd7 27. R5f4
Rxd5 28. Rxe4 Rd3 29. Rc1 Rd8 30. Rg4 Qa4 31. Bxf6 Rd1+ 32. Rxd1 Rxd1+ 33. Kh2
Rd7 34. Qc4+ Kh8 35. Qe6 1-0

[Event "I Weekend Croce di Magara"]
[Site "Camigliatello - Spezzano della Sila ITA"]
[Date "2005.09.18"]
[Round "8"]
[White "Amodei, Diego"]
[Black "Levato, Biagio"]
[Result "1-0"]
[WhiteElo "1655"]
[BlackElo "1480"]
[PlyCount "129"]
[EventDate "2005.09.10"]

1. d4 Nf6 2. c4 g6 3. Nc3 Bg7 4. e4 d6 5. Be3 O-O 6. h3 c5 7. dxc5 dxc5 8. Qxd8
Rxd8 9. Bxc5 Nc6 10. Nf3 Nd7 11. Be3 Nb4 12. Rc1 Bxc3+ 13. bxc3 Nc6 14. Be2 b6
15. Nd4 Bb7 16. f3 Rac8 17. Kf2 Na5 18. Nb5 a6 19. Na3 Nc5 20. Bd4 Nc6 21. Rhd1
e5 22. Bxc5 Rxd1 23. Rxd1 bxc5 24. Rd7 Nd8 25. Nc2 Kf8 26. Ne3 Ke8 27. Rd2 Ne6
28. Nd5 f5 29. Nf6+ Ke7 30. Rd7+ Kxf6 31. Rxb7 h6 32. Rb6 Ra8 33. Bd1 Ke7 34.
Bc2 Rd8 35. Ke1 Nf4 36. Kf1 Rd2 37. Bb3 Rxg2 38. exf5 gxf5 39. Rxh6 Rg3 40. Bd1
Nxh3 41. Rxa6 Rg1+ 42. Ke2 Rg2+ 43. Ke3 Nf2 44. Be2 f4+ 45. Kd2 Nh3 46. Ke1 Rg3
47. Rc6 e4 48. fxe4 f3 49. Bf1 Ng5 50. Rxc5 Kd6 51. Rd5+ Ke6 52. Bd3 Rg2 53.
Kf1 Nh3 54. Ke1 Rg1+ 55. Kd2 f2 56. Rf5 Rg2 57. Bf1 Rh2 58. Ke3 Rh1 59. Bxh3
Rxh3+ 60. Kd4 Rh2 61. a4 Rh1 62. Rxf2 Ra1 63. Rf5 Rxa4 64. Rd5 Ra1 65. c5 1-0

[Event "I Weekend Croce di Magara"]
[Site "Camigliatello - Spezzano della Sila ITA"]
[Date "2005.09.18"]
[Round "8"]
[White "De Marco, Francesco"]
[Black "Trifoglio, Giovanni"]
[Result "1-0"]
[WhiteElo "1803"]
[BlackElo "1862"]
[PlyCount "94"]
[EventDate "2005.09.10"]

1. e4 c5 2. Nf3 Nc6 3. d4 cxd4 4. Nxd4 e6 5. c4 d6 6. Be2 Be7 7. Nc3 a6 8. O-O
Nf6 9. Be3 O-O 10. f4 Qc7 11. Qe1 Rd8 12. Qg3 d5 13. e5 Ne4 14. Nxe4 dxe4 15.
Nb3 Nb4 16. Qf2 Qc6 17. Nd4 Qc7 18. Kh1 Nc6 19. Nb3 Qd7 20. Rad1 Qe8 21. Rxd8
Bxd8 22. Nd2 Nb4 23. Nxe4 Nxa2 24. Bd2 a5 25. Ra1 Qa4 26. Bd3 Qb3 27. Qg3 Kh8
28. Qh3 Nb4 29. Bxb4 Qxb4 30. Ng5 h6 31. Nxf7+ Kg8 32. Nxd8 Qe7 33. Rd1 Bd7 34.
Nxb7 Bc6 35. Nd6 Rb8 36. Rd2 a4 37. Re2 a3 38. bxa3 Kf8 39. f5 Rb3 40. fxe6 Qg5
41. e7+ Kxe7 42. Re1 Qd2 43. Rf1 Bxg2+ 44. Qxg2 Qxg2+ 45. Kxg2 Rxd3 46. Rf3
Rd2+ 47. Kg3 Re2 1-0

[Event "I Weekend Croce di Magara"]
[Site "Camigliatello - Spezzano della Sila ITA"]
[Date "2005.09.18"]
[Round "8"]
[White "Gad, Alessandro"]
[Black "Iannicella, Simone"]
[Result "0-1"]
[WhiteElo "1437"]
[BlackElo "1458"]
[PlyCount "74"]
[EventDate "2005.09.10"]

1. d4 d5 2. c4 dxc4 3. e4 Nc6 4. Nf3 Bg4 5. Be3 e5 6. d5 Bb4+ 7. Nc3 Nce7 8.
Qa4+ c6 9. Qxb4 Bxf3 10. gxf3 Nf6 11. O-O-O Qd7 12. h4 b5 13. Bh3 Qb7 14. d6
Ng6 15. d7+ Kd8 16. Qa5+ Qc7 17. Qxc7+ Kxc7 18. Rd2 Rhd8 19. Rhd1 Nxh4 20. f4
Nf3 21. Rd6 b4 22. fxe5 Nxe5 23. Bf4 Nd3+ 24. R6xd3+ Kb6 25. Na4+ Ka5 26. Bc7+
Kxa4 27. b3+ cxb3 28. axb3+ Kb5 29. Bxd8 Rxd8 30. f3 h5 31. R1d2 g5 32. Rd6 Nh7
33. Ra2 a5 34. Kd2 g4 35. fxg4 Ng5 36. Bf1+ Kb6 37. gxh5 Nxe4+ 0-1

[Event "I Weekend Croce di Magara"]
[Site "Camigliatello - Spezzano della Sila ITA"]
[Date "2005.09.18"]
[Round "8"]
[White "Grande, Pasquale"]
[Black "Ielapi, Vito"]
[Result "0-1"]
[WhiteElo "2085"]
[BlackElo "1971"]
[PlyCount "39"]
[EventDate "2005.09.10"]

1. d4 d5 2. Nf3 Nf6 3. e3 Bg4 4. Be2 e6 5. O-O Bd6 6. h3 Bh5 7. b3 Nbd7 8. Bb2
O-O 9. Nbd2 c6 10. Ne5 Bg6 11. c4 Rc8 12. c5 Bb8 13. b4 Ne4 14. Rc1 Qc7 15.
Ndf3 f6 16. Nd3 Ng5 17. Nf4 Rce8 18. g3 Be4 19. h4 Nxf3+ 20. Bxf3 0-1

[Event "I Weekend Croce di Magara"]
[Site "Camigliatello - Spezzano della Sila ITA"]
[Date "2005.09.18"]
[Round "8"]
[White "Guzzo, Giovanni"]
[Black "Sorrenti, Francesco"]
[Result "1/2-1/2"]
[WhiteElo "1801"]
[BlackElo "1962"]
[PlyCount "49"]
[EventDate "2005.09.10"]

1. Nf3 d6 2. g3 e5 3. d3 f5 4. Bg2 Nf6 5. Nbd2 Be7 6. b3 O-O 7. Bb2 c6 8. O-O
Qb6 9. Nc4 Qc7 10. e3 Nbd7 11. Ng5 Nb6 12. Nxb6 axb6 13. d4 e4 14. Nh3 Nd5 15.
a3 b5 16. Qe2 Bf6 17. c4 bxc4 18. Qxc4 Kh8 19. Rfc1 Be6 20. Qc2 Qf7 21. b4 g5
22. Kh1 Nb6 23. Ng1 Nc4 24. Qc3 Ra7 25. Rd1 1/2-1/2

[Event "I Weekend Croce di Magara"]
[Site "Camigliatello - Spezzano della Sila ITA"]
[Date "2005.09.18"]
[Round "8"]
[White "Ielapi, Gianbattista"]
[Black "Marincolo, Piercarlo"]
[Result "1/2-1/2"]
[WhiteElo "1599"]
[BlackElo "1640"]
[PlyCount "81"]
[EventDate "2005.09.10"]

1. e4 c5 2. Nf3 d6 3. d4 cxd4 4. Nxd4 Nf6 5. Nc3 a6 6. Bg5 e6 7. f4 Nbd7 8. Qd2
Be7 9. O-O-O b5 10. Nc6 Qc7 11. Nxe7 Kxe7 12. f5 Bb7 13. fxe6 fxe6 14. Bd3 Rac8
15. Rhe1 b4 16. Ne2 Nc5 17. Ng3 Rhf8 18. Kb1 Kf7 19. Bxf6 gxf6 20. Qxb4 Nxd3
21. cxd3 Qc2+ 22. Ka1 Rc7 23. Qxd6 Rfc8 24. a3 Qb3 25. Qf4 Rc2 26. Rb1 R8c3 27.
Qd6 Rxd3 28. Qb4 Qxb4 29. axb4 Rxg2 30. Rbc1 Rd7 31. Rh1 Rgd2 32. Ka2 R2d4 33.
Rhe1 Rxb4 34. Ka3 Rbd4 35. Rc3 Rd2 36. Nf1 R2d3 37. Ng3 Kg6 38. Kb4 Rd2 39. Rg1
Rxb2+ 40. Ka3 Rb5 41. Nf5+ 1/2-1/2